| Поле | Инд. | ПП | Название | Значение |
|---|---|---|---|---|
| Тип записи | a | |||
| Библиографический уровень | b | |||
| 001 | Контрольный номер | RU/IS/BASE/231874965 | ||
| 005 | Дата корректировки | 20200630193221.7 | ||
| 008 | Кодируемые данные | 20070507 | ||
| 040 | b | Код языка каталог. | rus | |
| e | Правила каталог. | PSBO | ||
| 041 | 0_ | a | Код языка текста | rus |
| 084 | a | Индекс другой классификации/Индекс ББК | 20в; 87.254.4 | |
| 100 | 1_ | a | Автор | Клягин Н. В. |
| q | Полное имя | Клягин Николай Васильевич | ||
| 245 | 10 | a | Заглавие | Новое в научной картине мира |
| 504 | a | Библиография | Библиогр. | |
| 520 | 0_ | a | Аннотация | Автор статьи - ведущий научный сотрудник сектора истории антропологических учений Института философии РАН, доктор философских наук; сфера его научных интересов - философские проблемы антропогенеза, биоэволюции и космогении. В статье он размышляет о теоретической возможности обоснования модели замкнутой Вселенной, а также излагает гипотезу Мироздания за ее пределами |
| 650 | 04 | a | Основная рубрика | философия; естествознание; философия науки |
| 653 | 0_ | a | Ключевые слова | Вселенная |
| a | Ключевые слова | естественно-научная картина мира | ||
| a | Ключевые слова | закон причинности | ||
| a | Ключевые слова | законы природы | ||
| a | Ключевые слова | картина мира | ||
| a | Ключевые слова | каузальность | ||
| a | Ключевые слова | космология | ||
| a | Ключевые слова | мироздание | ||
| a | Ключевые слова | модели Вселенной | ||
| a | Ключевые слова | причинно-следственный закон | ||
| a | Ключевые слова | сингулярность | ||
| 773 | 0_ | t | Заглавие источника | Высшее образование сегодня |
| d | Дата издания источника | 2007 | ||
| g | Прочая информация | № 4. - С. 30 - 39 | ||
| w | Контрольный № источника | RU/IS/BASE/231429708 | ||
| 901 | t | Тип документа | b |